Nannilam Taluk in History: (Record no. 41895)

MARC details
000 -LEADER
fixed length control field 00770nam a22002177a 4500
005 - DATE AND TIME OF LATEST TRANSACTION
control field 20100814135529.0
010 ## - LCCN (DPL NO)
LC control number ENG-100295
020 ## - INTERNATIONAL STANDARD BOOK NUMBER
International Standard Book Number 9788190848077
Terms of availability 175.00
035 ## - SYSTEM CONTROL NUMBER
System control number EN-83827
037 ## - SOURCE OF ACQUISITION
Source of stock number/acquisition DBAD/PUB
082 ## - DEWEY DECIMAL CLASSIFICATION NUMBER
Classification number 900
100 ## - MAIN ENTRY--PERSONAL NAME
Personal name Selvamuthukumaran,T
245 ## - TITLE STATEMENT
Title Nannilam Taluk in History:
Remainder of title a micro study in historicla perspective /
Statement of responsibility, etc by T Selvamuthukumaran
250 ## - EDITION STATEMENT
Edition statement 2nd ed.
260 ## - PUBLICATION, DISTRIBUTION, ETC. (IMPRINT)
Place of publication, distribution, etc Mayiladuthurai
Name of publisher, distributor, etc Puthagacholat Publisher
Date of publication, distribution, etc 2009
270 ## - ADDRESS
Address 48 Mahathana Street
City Mayiladuthurai
Postal code 609001
300 ## - PHYSICAL DESCRIPTION
Extent v,131p
Dimensions 21cm(pbk)
500 ## - GENERAL NOTE
General note includes bibliographical references
942 ## - ADDED ENTRY ELEMENTS (KOHA)
Source of classification or shelving scheme Dewey Decimal Classification
Item type English Books
Classification part 900
Call number suffix SEL
Holdings
Withdrawn status Lost status Not for loan Collection code Home library Current library Date acquired Source of acquisition Cost, normal purchase price Full call number Barcode Copy number Cost, replacement price Koha item type
    Not For Loan Non-fiction D.B.Act.Division D.B.Act.Division 14/08/2010 DBAD/PUB 175.00 900 SEL EN-83827 1 175.00 English Books

© Delhi Public Library
Hit Counter
free hit counter